000 00823nam a2200193 a 4500
001 000047344
003 DO-SdBNP
005 20220216110950.0
008 180507s2004 dr a 000 0 spa d
040 _aDO-SdBNP
_bspa
_cBNPHU
082 4 _222
100 1 _aPrado Flores, José H.
_910971
245 1 0 _aHistoria de la salvación :
_bguía de la primera unidad, segunda etapa de la misión continental /
_cJosé H. Prado Flores
260 _aSanto Domingo, :
_bAmigo del hogar,
_c[s.f.].
300 _a192 p. :
_bil. ;
_c23 cm.
500 _aCololaboración de la comisión nacional de catequesis, Hna. Carol Gross y comisión diocesana de Baní, comisión nacional de la misión continental, instituto nacional de pastoral, Pbro. Daniel Lorenzo Vargas Salazar.
590 _aInventariado, 2018/ YL
942 _2ddc
_cLBS1
999 _c46832
_d46832